Keeping Water Clean / (Record no. 4988)
[ view plain ]
| 000 -LEADER | |
|---|---|
| fixed length control field | 00933nam a22002417a 4500 |
| 001 - CONTROL NUMBER | |
| control field | 4988 |
| 003 - CONTROL NUMBER IDENTIFIER | |
| control field | FISKH |
| 005 - DATE AND TIME OF LATEST TRANSACTION | |
| control field | 20241030123705.0 |
| 008 - FIXED-LENGTH DATA ELEMENTS--GENERAL INFORMATION | |
| fixed length control field | 241030b cb ||||| |||| 00| 0 eng d |
| 020 ## - INTERNATIONAL STANDARD BOOK NUMBER | |
| International Standard Book Number | 9780817249359 |
| 040 ## - CATALOGING SOURCE | |
| Original cataloging agency | FISKH |
| Language of cataloging | eng |
| Transcribing agency | FISKH |
| Modifying agency | FISKH |
| 050 ## - LIBRARY OF CONGRESS CALL NUMBER | |
| Classification number | TD365.M35 |
| 082 ## - DEWEY DECIMAL CLASSIFICATION NUMBER | |
| Classification number | 363.739 |
| 100 ## - MAIN ENTRY--PERSONAL NAME | |
| Personal name | McLeish, Ewan |
| 245 ## - TITLE STATEMENT | |
| Title | Keeping Water Clean / |
| Statement of responsibility, etc. | by Ewan McLeish |
| 260 ## - PUBLICATION, DISTRIBUTION, ETC. | |
| Place of publication, distribution, etc. | Texas : |
| Name of publisher, distributor, etc. | Steck-Vaghn Company ; |
| Date of publication, distribution, etc. | 1998 . |
| 300 ## - PHYSICAL DESCRIPTION | |
| Extent | 48 pages : |
| Other physical details | color illustrations, maps ; |
| Dimensions | 29 cm . |
| 490 ## - SERIES STATEMENT | |
| Series statement | Protecting Our Planet |
| 520 ## - SUMMARY, ETC. | |
| Summary, etc. | Part of a series of books that provides a world wide survey of many environmental themes, reflecting the concerns of today. This book explains how environments are affected by human interference, as well as the benefits people gain by exploiting their environments. |
| 650 ## - SUBJECT ADDED ENTRY--TOPICAL TERM | |
| Topical term or geographic name entry element | Water quality management |
| Form subdivision | Juvenile Literature |
| 942 ## - ADDED ENTRY ELEMENTS (KOHA) | |
| Source of classification or shelving scheme | Dewey Decimal Classification |
| Koha item type | Books |
| Suppress in OPAC | No |
| Withdrawn status | Lost status | Source of classification or shelving scheme | Damaged status | Not for loan | Collection | Home library | Current library | Shelving location | Date acquired | Total Checkouts | Full call number | Barcode | Date last seen | Price effective from | Koha item type |
|---|---|---|---|---|---|---|---|---|---|---|---|---|---|---|---|
| Dewey Decimal Classification | Non-Fiction | Footprints International School Library Network Toul Kork Campus | Footprints International School Library Network Toul Kork Campus | TTP Secondary Non-Fiction Bookshelves | 10/30/2024 | MCL 363.739 TD365.M35 | FIS01206 | 10/30/2024 | 10/30/2024 | Books |
